Tableau de l'instruction primaire en France (Record no. 158093)

MARC details
000 -LEADER
campo de control de longitud fija 00821nam a22001815i 4500
001 - NÚMERO DE CONTROL
campo de control 158093
003 - IDENTIFICADOR DE NÚMERO DE CONTROL
campo de control ES-MaACL
005 - FECHA Y HORA DE LA ÚLTIMA TRANSACCIÓN
campo de control 20230906211015.0
008 - DATOS DE LONGITUD FIJA--INFORMACIÓN GENERAL
campo de control de longitud fija 990303s1837 fr |||| | fre d
040 ## - FUENTE DE CATALOGACIÓN
Centro catalogador/agencia de origen CCPB | B
Lengua de catalogación spa
Centro/agencia transcriptor CCPB | B
100 1# - ENTRADA PRINCIPAL--NOMBRE DE PERSONA
Nombre de persona Lorain, Paul (
Fechas asociadas al nombre 1799-1861)
9 (RLIN) 74061
245 10 - MENCIÓN DEL TÍTULO
Título Tableau de l'instruction primaire en France
Resto del título : d'après des documents authentiques, et notamment d'après les rapports adressés au Ministre del'Instruction Publique par les 490 inspecteurs chargés de visiter toutes les écoles de France, a la fin de 1833 /
Mención de responsabilidad, etc. par P. Lorain.
260 ## - PUBLICACIÓN, DISTRIBUCIÓN, ETC.
Lugar de publicación, distribución, etc. Paris :
Nombre del editor, distribuidor, etc. chez L. Hachette,
Fecha de publicación, distribución, etc. 1837 (
Fabricante Imprimerie de J. Gratiot)
300 ## - DESCRIPCIÓN FÍSICA
Extensión [4] h., IV, 404, [2] p. ;
Dimensiones 22 cm.
597 ## - NOTA DE DESCRIPCIÓN FÍSICA
NOTA DE DESCRIPCIÓN FÍSICA Antep.
650 #4 - PUNTO DE ACCESO ADICIONAL DE MATERIA--TÉRMINO DE MATERIA
Término de materia o nombre geográfico como elemento de entrada Enseñanza primaria-
Subdivisión geográfica Francia.
9 (RLIN) 149749
852 ## - LOCALIZACIÓN
Ubicación ES-MaACL
Número de control de estantería C-3802
Nota libre -- Enc. hol.
Holdings
Estatus retirado Estado de pérdida Estado de daño No para préstamo Colección Biblioteca de origen Biblioteca actual Ubicación en estantería Fecha de adquisición Fuente de adquisición Total de préstamos Signatura topográfica completa Código de barras Visto por última vez Precio de reemplazo Tipo de ítem Koha
        Libros del s. XIX Biblioteca del Ateneo de Madrid Biblioteca del Ateneo de Madrid Sala Palomar 17/01/2008     C-3802 1165458 23/02/2023 23/02/2023 Libro impreso antiguo